| 000 | 00377nam a2200169Ia 4500 | ||
|---|---|---|---|
| 100 | _aKotler/Philip/ Armstrong/G | ||
| 650 | _aMarketing | ||
| 250 | _a12 | ||
| 942 | _cBK | ||
| 366 | _f20 | ||
| 654 | _amarketing | ||
| 245 | _aPrinciples of marketing | ||
| 260 |
_bPrentice Hall of India _aNew Delhi _c2008 |
||
| 082 |
_a658.8/KOT _bKOT |
||
| 546 | _aENGLISH | ||
| 999 |
_c19506 _d19506 |
||